The nature and evolution of disks around hot stars (Record no. 16427)

MARC details
000 -LEADER
fixed length control field 00979nam a2200241Ia 4500
003 - CONTROL NUMBER IDENTIFIER
control field IN-BaIIA
008 - FIXED-LENGTH DATA ELEMENTS--GENERAL INFORMATION
fixed length control field 211028s9999 xx 000 0 eng d
020 ## - INTERNATIONAL STANDARD BOOK NUMBER
International Standard Book Number 1-58381-203-2
040 ## - CATALOGING SOURCE
Transcribing agency IIA Library
080 ## - UNIVERSAL DECIMAL CLASSIFICATION NUMBER
Universal Decimal Classification number 082.2:52
Item number ASP-337
111 ## - MAIN ENTRY--MEETING NAME
Meeting name or jurisdiction name as entry element Meeting on the Nature and Evolution of Disks Around Hot Stars
Location of meeting USA
Date of meeting or treaty signing 2004 July 7-9
9 (RLIN) 30462
245 #4 - TITLE STATEMENT
Title The nature and evolution of disks around hot stars
Remainder of title proceedings of a meeting held in Johnson City, Tennessee, USA, 7-9 Jul 2004
Statement of responsibility, etc. edited by Richard Ignace and K. G. Gayley
260 ## - PUBLICATION, DISTRIBUTION, ETC.
Place of publication, distribution, etc. San Francisco
Name of publisher, distributor, etc. Astronomical Society of the Pacific
Date of publication, distribution, etc. 2005
300 ## - PHYSICAL DESCRIPTION
Extent xiv, 358p.
490 ## - SERIES STATEMENT
Series statement ASP conference series; v. 337
650 ## - SUBJECT ADDED ENTRY--TOPICAL TERM
Topical term or geographic name entry element Early stars
9 (RLIN) 30463
650 ## - SUBJECT ADDED ENTRY--TOPICAL TERM
Topical term or geographic name entry element Hot stars
9 (RLIN) 14693
650 ## - SUBJECT ADDED ENTRY--TOPICAL TERM
Topical term or geographic name entry element Stars - evolution
9 (RLIN) 10853
700 ## - ADDED ENTRY--PERSONAL NAME
Personal name Gayley, K. G., ed.
9 (RLIN) 30464
700 ## - ADDED ENTRY--PERSONAL NAME
Personal name Ignace, Richard, ed.
9 (RLIN) 30465
710 ## - ADDED ENTRY--CORPORATE NAME
Corporate name or jurisdiction name as entry element Astronomical Society of the Pacific
9 (RLIN) 1154
942 ## - ADDED ENTRY ELEMENTS (KOHA)
Koha item type Books
Holdings
Withdrawn status Lost status Damaged status Not for loan Home library Current library Shelving location Date acquired Source of acquisition Cost, normal purchase price Total Checkouts Full call number Barcode Date last seen Cost, replacement price Price effective from Koha item type Purchase Price
        IIA Library-Bangalore IIA Library-Bangalore General Stacks 02/03/2007 ASP 3411.10   082.2:52/ ASP-337 17349 05/11/2021 3411.10 02/03/2007 Books Rs. 3411.10

Powered by Koha